Ionic equilibrium : a mathematical approach.

Bibliographic Details
Main Author: Butler, James N. (James Newton), 1934-
Format: Book
Language:English
Published: Reading, Mass. : Addison-Wesley Pub. Co., [1964]
Series:Addison-Wesley series in chemistry.
Subjects:

MARC

Tag First Indicator Second Indicator Subfields
LEADER 00000cam a2200000 4500
001 in00000045773
005 20151007075249.0
008 720504s1964 maua b 00000 eng
010 |a  63014686  
035 |a (OCoLC)00544907 
035 |9 AAF2918AM 
040 |a DLC  |c DLC  |d TXA  |d UtOrBLW 
049 |a TXAM  |c [403609] 
050 0 0 |a QD561  |b .B954 
082 0 |a 541.372 
092 |a 541.372  |b B985i, 1964 
100 1 |a Butler, James N.  |q (James Newton),  |d 1934- 
245 1 0 |a Ionic equilibrium :  |b a mathematical approach. 
264 1 |a Reading, Mass. :  |b Addison-Wesley Pub. Co.,  |c [1964] 
300 |a xi, 547 pages :  |b illustrations ;  |c 24 cm. 
336 |a text  |b txt  |2 rdacontent 
337 |a unmediated  |b n  |2 rdamedia 
338 |a volume  |b nc  |2 rdacarrier 
490 1 |a Addison-Wesley series in chemistry 
504 |a Includes bibliographies. 
650 0 |a Ionic equilibrium. 
830 0 |a Addison-Wesley series in chemistry. 
999 |a MARS 
999 f f |s ba9f502d-8eec-37dc-aedc-d40aad56b985  |i d23b26a7-c06d-3c4d-b2cc-9bb7fbd68cce  |t 0 
952 f f |p ric  |a Texas A&M University  |b Rellis Campus  |c Joint Library Facility  |s JLF  |d Remote Storage  |t 0  |e QD561 .B954  |h Library of Congress classification  |i unmediated -- volume  |m A14800937458 
998 f f |a QD561 .B954  |t 0  |l Remote Storage